| 000 -LEADER |
| fixed length control field |
00598cam a2200193 a 4500 |
| 020 ## - INTERNATIONAL STANDARD BOOK NUMBER |
| ISBN |
9783110214437 (alk. paper) |
| 020 ## - INTERNATIONAL STANDARD BOOK NUMBER |
| ISBN |
3110214431 (alk. paper) |
| 082 00 - DEWEY DECIMAL CLASSIFICATION NUMBER |
| Classification number |
306.44 |
| 245 00 - TITLE STATEMENT |
| Title |
Pragmatics across languages and cultures |
| Statement of responsibility, etc |
edited by Anna Trosborg. |
| 260 ## - PUBLICATION, DISTRIBUTION, ETC. (IMPRINT) |
| Place of publication |
Berlin ; |
| -- |
New York : |
| Name of publisher |
De Gruyter Mouton, |
| Year of publication |
c2010. |
| 300 ## - PHYSICAL DESCRIPTION |
| Number of Pages |
xiii, 644 p. : |
| Other physical details |
ill. ; |
| 490 0# - SERIES STATEMENT |
| Series statement |
Handbooks of pragmatics ; |
| 650 #0 - SUBJECT ADDED ENTRY--TOPICAL TERM |
| Topical Term |
Pragmatics. |
| 650 #0 - SUBJECT ADDED ENTRY--TOPICAL TERM |
| Topical Term |
Language and culture. |
| 650 #0 - SUBJECT ADDED ENTRY--TOPICAL TERM |
| Topical Term |
Intercultural communication. |
| 650 #0 - SUBJECT ADDED ENTRY--TOPICAL TERM |
| Topical Term |
Second language acquisition. |
| 700 1# - ADDED ENTRY--PERSONAL NAME |
| Personal name |
Trosborg, Anna, |
| 942 ## - ADDED ENTRY ELEMENTS (KOHA) |
| Koha item type |
English Literature |